| 000 | 00659cam a22001457a 4500 | ||
|---|---|---|---|
| 008 | 180718b1998 xxu||||| |||| 00| 0 eng d | ||
| 082 | _aA81x54 91/2/Pt12A&B/AN | ||
| 100 | _aCensus of India 1991 | ||
| 245 | _aAndhra Pradesh district census handbook, Anantapur: village and town directory, village and townwise primary census abstract | ||
| 260 |
_aHyderabad _bCommissioner of Printing Stationery and Stores Purchase (Ptg. Wing) Department _c1998 |
||
| 300 | _a479+p. | ||
| 440 | _aCensus of India 1991. Series-2, Andhra Pradesh. Part XII-A & B | ||
| 650 | _aCities and towns - Directories - India - Andhra Pradesh - Anantapur | ||
| 650 | _aAnantapur - Census | ||
| 999 |
_c486842 _d486842 |
||